000 00345nam a2200157Ia 4500
003 OSt
005 20240118123650.0
008 170524s9999 xx 000 0 und d
020 _a0070486336
040 _cIIMT UNIVERSITY
100 _aCohen
100 _c2008
245 0 _aNEGOTIATING SKILLS fOR MANAGERS
260 _aTMH
942 _2ddc
_c02
999 _c2350
_d2350